000 00608nam a2200229 i 4500
001 C2-0289953
003 PPAK
005 20180728022554.0
008 080923s1994 jo |||| ||||| | ara d
040 _aPPAK
_beng
_cPPAK
_erda
082 0 4 _a017
_223
090 0 0 _a017
_bMUH
_dKMN
100 0 _aMuhammad Syukur Bin Amir.,
_eauthor
245 1 0 _aQaiimat Matthbu'at Darul Manar lilnasri wattauziq
264 1 _aAmman :
_c1994
300 _a37 pages ;
_c20 cm
336 _2rdacontent
_atext
337 _2rdamedia
_aunmediated
338 _2rdacarrier
_avolume
650 1 0 _aBibliography
942 _ddc
_cB
999 _c95255
_d95255